000 00670cam a2200205 i 4500
005 20260305134807.0
008 250721s1984 le gr 000 0 ara d
041 _aara
_aeng
_aeng
082 1 4 _a423.1
_bق ا م
100 1 _aWORTABET، JOHN
_eAuthor.
245 1 0 _aArabic-English And English-Arabic Dictionary /
_cJohn Wortabet,M.D, Harvey Porter,PH.D.
264 3 1 _aبيروت :
_bمكتبة لبنان،
_c1984.
300 _a883 Page.
650 1 7 _aالقواميس.
650 1 7 _aاللغة الانجليزية.
650 1 7 _aاللغة العربية.
700 1 _aPorter, Harvey
_eAuthor.
942 _2ddc
_cBK
999 _c142566
_d142566